00329nam a22001337a 450000500170000000800410001704100130005808200150007110000130008624500360009926000100013530000250014565000250017020231128143901.0231128b |||||||| |||| 00| 0 eng d aEnglish  a340.1 BAR  lEnglish  aThe Bar Council of India Rules  c1995  b93 pages ; c25 cm.  aLegal practice bLaw